000 00703nam a2200205Ii 4500
003 JO-AjNU
008 230605s9999||||xx |||||||||||||| ||und||
040 _aJO-AjNU
_bara
_erda
_cJO-AjNU
041 _aara
050 1 4 _aPJ8269.R8464 1977
100 3 _aركيبي،عبدالله خليفة,
_eauthor
_910458
245 0 0 _aقضايا عربية في الشعر الجزائري المعاصر
250 _aط3
264 3 1 _aتونس: الدار العربية للكتاب، 1977
300 _a172ص
336 _atext
_btxt
_2rdacontent
337 _aunmediated
_bn
_2rdamedia
338 _avolume
_bnc
_2rdacarrier
650 4 _aالشعر العربي - تاريخ ونقد - الجزائر
_910459
999 _aA1816
_c5384
_d5384